Word Laddyrinth IV Quiz Stats

 Plays Quiz Updated Nov 30, 2017

Score 0/192 Timer 07:00
1 Play Today
% Correct
Fill in the ___
99.5%
FINISH
98.7%
completely dark
98.4%
ocular flutter
98.4%
tasteless
98.4%
BLANK
98.4%
0~O~0~O~0~O~0
97.2%
0~O~0~O~0~O~0
97.2%
0~O~0~O~0~O~0
96.5%
0~O~0~O~0~O~0
96.5%
type; kind
94.5%
BLAND
94.4%
not taut
92.6%
BLACK
92.5%
sightless
91.6%
BLINK
91.2%
mixture
90.2%
BLIND
90.1%
0~O~0~O~0~O~0
87%
0~O~0~O~0~O~0
87%
BLEND
84.6%
Run, as colours
84.6%
shanty
83.2%
0~O~0~O~0~O~0
83.1%
0~O~0~O~0~O~0
83.1%
SLACK
82.9%
0~O~0~O~0~O~0
79.7%
0~O~0~O~0~O~0
79.7%
pile
79.5%
hustler
79.4%
SHACK
79.1%
0~O~0~O~0~O~0
77.5%
0~O~0~O~0~O~0
77.5%
0~O~0~O~0~O~0
76.3%
0~O~0~O~0~O~0
76.3%
0~O~0~O~0~O~0
73.8%
0~O~0~O~0~O~0
73.8%
plait
73.6%
0~O~0~O~0~O~0
73.6%
0~O~0~O~0~O~0
73.6%
BRAND
73.4%
0~O~0~O~0~O~0
71%
0~O~0~O~0~O~0
71%
inventory
70.8%
STACK
70.5%
BLEED
68.1%
a wading bird
67%
cache
66.4%
STOCK
66.3%
tempest
65.7%
STORK
65.7%
0~O~0~O~0~O~0
64.1%
0~O~0~O~0~O~0
64.1%
0~O~0~O~0~O~0
63.7%
0~O~0~O~0~O~0
63.7%
gray matter
62.2%
0~O~0~O~0~O~0
62%
0~O~0~O~0~O~0
62%
BRAID
61.9%
0~O~0~O~0~O~0
61.5%
0~O~0~O~0~O~0
61.5%
coastland
61.5%
0~O~0~O~0~O~0
61.4%
0~O~0~O~0~O~0
61.4%
% Correct
0~O~0~O~0~O~0
61.1%
0~O~0~O~0~O~0
61.1%
cutting tool
61.1%
0~O~0~O~0~O~0
61%
0~O~0~O~0~O~0
61%
portion
60.9%
errand
60.8%
SHORE
60.7%
0~O~0~O~0~O~0
60.6%
0~O~0~O~0~O~0
60.6%
STORE
60.6%
a sedimentary rock
59.5%
SHARE
59.3%
BRAIN
58.5%
instruct
58.5%
SHARK
58.4%
opted
56.9%
CHORE
56.7%
proximate
56.1%
TRAIN
56.1%
suffocate
56%
CHOSE
56%
0~O~0~O~0~O~0
55.9%
0~O~0~O~0~O~0
55.9%
STORM
55%
0~O~0~O~0~O~0
54.9%
0~O~0~O~0~O~0
54.9%
0~O~0~O~0~O~0
53.5%
0~O~0~O~0~O~0
53.5%
0~O~0~O~0~O~0
53.5%
0~O~0~O~0~O~0
53.5%
duplicate
52.3%
0~O~0~O~0~O~0
52.3%
0~O~0~O~0~O~0
52.3%
cetacean
52.3%
0~O~0~O~0~O~0
52.2%
0~O~0~O~0~O~0
52.2%
CLOSE
52.2%
SHALE
52.1%
CHOKE
51.2%
gauntlet
50.2%
garlic unit
50.1%
show gratitude
50.1%
dense
50%
CLONE
49.9%
ponder
49.9%
CLOVE
49.8%
THANK
49.8%
THINK
49.7%
SHANK
49.6%
deceive
49.3%
THICK
49.2%
charm
49.2%
minor perforation
48.7%
TRICK
48.6%
0~O~0~O~0~O~0
47.9%
0~O~0~O~0~O~0
47.9%
serious
47.9%
orchard
47.6%
0~O~0~O~0~O~0
47%
0~O~0~O~0~O~0
47%
GLOVE
47%
GROVE
46.7%
0~O~0~O~0~O~0
45.9%
% Correct
0~O~0~O~0~O~0
45.9%
GRAVE
45.8%
entire
44.8%
as long as
44.8%
WHALE
44.7%
WHOLE
44.7%
0~O~0~O~0~O~0
43.2%
0~O~0~O~0~O~0
43.2%
reinforce
42.2%
a country
41.8%
0~O~0~O~0~O~0
41.7%
0~O~0~O~0~O~0
41.7%
WHILE
41.6%
charge
40.5%
draw around
40.5%
PRICK
40.2%
footprint
39.8%
offspring
39.3%
CHILE
39.3%
peal
39.3%
choice, as a steak
39.3%
CHILD
39.2%
award
39.1%
PRICE
39.1%
TRACE
39%
intrepid
38.5%
fissure
38.2%
TRACK
37.8%
0~O~0~O~0~O~0
37.6%
0~O~0~O~0~O~0
37.6%
PRIZE
37%
GRACE
36.8%
0~O~0~O~0~O~0
36.7%
0~O~0~O~0~O~0
36.7%
decelerate
36.4%
turning device
36.2%
BRAVE
35.9%
CRACK
35.7%
PRIME
35.6%
illegality
35.6%
BRACE
35.6%
English naval hero
35.2%
BRAKE
35%
CRIME
34.8%
0~O~0~O~0~O~0
33.9%
0~O~0~O~0~O~0
33.9%
hang over
33.6%
forthright
33.4%
CHIME
33%
DRAKE
32.3%
CRANK
32%
GRAPE
29.6%
side
29.2%
FRANK
28.8%
DRAPE
28.4%
vine fruit
28.4%
canteen
27%
FLANK
27%
FLASK
24.2%
sudden burst
24.2%
0~O~0~O~0~O~0
22.5%
0~O~0~O~0~O~0
22.5%
CONGRATULATIONS
22.3%
FLASH
22.1%

You're not logged in!

Compare scores with friends on all Sporcle quizzes.
OR
Log In

Show Comments

Extras

Top Quizzes Today


Score Distribution

Your Account Isn't Verified!

In order to create a playlist on Sporcle, you need to verify the email address you used during registration. Go to your Sporcle Settings to finish the process.

Report this User

Report this user for behavior that violates our Community Guidelines.

Details: